[Event "FIDE Womens World Cup 2021"]
[Site "Sochi"]
[Date "2021.07.15"]
[Round "2.1"]
[White "Paehtz, Elisabeth"]
[Black "Salimova, Nurgyul"]
[Result "1/2-1/2"]
[WhiteElo "2466"]
[BlackElo "2395"]
[Annotator "ChessBase"]
[PlyCount "81"]
[EventDate "2021.07.12"]
[EventType "k.o."]
[EventCountry "RUS"]
[SourceTitle "playchess.com"]
[Source "ChessBase"]
[SourceQuality "1"]
[TimeControl "40/5400+30:1800+30"]

1. d4 {[%emt 0:00:03]} Nf6 {[%emt 0:00:10]} 2. Nf3 {[%emt 0:00:06]} e6 {[%emt 0:00:33]} 3. c4 {[%emt 0:00:08]} d5 {[%emt 0:00:16]} 4. Nc3 {[%emt 0:00:05]} c6 {[%emt 0:01:55]} 5. e3 {[%emt 0:00:06]} Nbd7 {[%emt 0:00:05]} 6. Bd3 {[%emt 0:00:05]} dxc4 {[%emt 0:00:12]} 7. Bxc4 {[%emt 0:00:06]} b5 {[%emt 0:00:16]} 8. Bd3 {[%emt 0:00:06]} Bb7 {[%emt 0:00:50]} 9. O-O {[%emt 0:00:10]} a6 {[%emt 0:00:41]} 10. a4 {[%emt 0:01:12]} b4 {[%emt 0:00:42]} 11. Ne4 {[%emt 0:00:09]} c5 {[%emt 0:09:39]} 12. Nxf6+ {[%emt 0:00:11]} Nxf6 {[%emt 0:02:34]} 13. dxc5 {[%emt 0:00:11]} Bxc5 {[%emt 0:02:47]} 14. Qe2 {[%emt 0:00:11]} O-O {[%emt 0:02:29]} 15. e4 {[%emt 0:00:09]} Nd7 {[%emt 0:08:22]} 16. Bf4 {[%emt 0:05:54]} Qe7 {[%emt 0:16:27]} 17. e5 {[%emt 0:23:15]} Rfd8 {[%emt 0:03:32]} 18. Rac1 {[%emt 0:05:08]} Nf8 {[%emt 0:09:12]} 19. h4 {[%emt 0:05:33]} h6 {[%emt 0:03:36]} 20. h5 {[%emt 0:13:26]} a5 {[%emt 0:02:56]} 21. Rfd1 {[%emt 0:04:05]} Rac8 {[%emt 0:03:17]} 22. Be4 {[%emt 0:03:53]} Bxe4 {[%emt 0:01:44]} 23. Qxe4 {[%emt 0:00:05]} Qa7 {[%emt 0:01:24]} 24. Qe2 {[%emt 0:00:50]} Rxd1+ {[%emt 0:02:41]} 25. Rxd1 {[%emt 0:00:05]} Bb6 {[%emt 0:00:37]} 26. Nh2 {[%emt 0:12:26]} Qc7 {[%emt 0:13:19]} 27. Rc1 {[%emt 0:08:01]} Qd7 {[%emt 0:00:46]} 28. Rxc8 {[%emt 0:01:45]} Qxc8 {[%emt 0:00:05]} 29. Ng4 {[%emt 0:00:10]} Nd7 {[%emt 0:05:52]} 30. Qd2 {[%emt 0:08:56]} Nc5 {[%emt 0:01:56]} 31. Bxh6 {[%emt 0:07:07]} Ne4 {[%emt 0:02:43]} 32. Qf4 {[%emt 0:00:50]} Nxf2 {[%emt 0:01:18]} 33. Kh2 {[%emt 0:00:54]} Nxg4+ {[%emt 0:01:45]} 34. Qxg4 {[%emt 0:00:04]} Qf8 {[%emt 0:00:08]} 35. Kh3 {[%emt 0:01:24]} Kh7 {[%emt 0:01:30]} 36. Bg5 {[%emt 0:00:25]} Qc5 {[%emt 0:00:49]} 37. Qe4+ {[%emt 0:00:29]} Kg8 {[%emt 0:00:29]} 38. Qa8+ {[%emt 0:00:28]} Kh7 {[%emt 0:00:14]} 39. Qe4+ {[%emt 0:00:05]} Kg8 {[%emt 0:00:02]} 40. b3 {[%emt 0:01:26]} Qc3+ {[%emt 0:00:47]} 41. g3 {[%emt 0:04:08]} 1/2-1/2

[Event "FIDE Womens World Cup 2021"]
[Site "Sochi"]
[Date "2021.07.15"]
[Round "2.1"]
[White "Stefanova, Antoaneta"]
[Black "Maltsevskaya, Aleksandra"]
[Result "1/2-1/2"]
[WhiteElo "2463"]
[BlackElo "2382"]
[Annotator "ChessBase"]
[PlyCount "88"]
[EventDate "2021.07.12"]
[EventType "k.o."]
[EventCountry "RUS"]
[SourceTitle "playchess.com"]
[Source "ChessBase"]
[SourceQuality "1"]
[TimeControl "40/5400+30:1800+30"]

1. e4 {[%emt 0:00:04]} c5 {[%emt 0:01:12]} 2. Nf3 {[%emt 0:00:08]} Nc6 {[%emt 0:01:13]} 3. Bb5 {[%emt 0:00:16]} g6 {[%emt 0:00:19]} 4. O-O {[%emt 0:02:52]} Bg7 {[%emt 0:00:09]} 5. c3 {[%emt 0:01:08]} Nf6 {[%emt 0:00:46]} 6. Re1 {[%emt 0:01:56]} O-O {[%emt 0:00:15]} 7. h3 {[%emt 0:01:52]} e5 {[%emt 0:07:34]} 8. d4 {[%emt 0:07:02]} cxd4 {[%emt 0:03:23]} 9. cxd4 {[%emt 0:00:09]} Nxd4 {[%emt 0:08:36]} 10. Nxd4 {[%emt 0:02:25]} exd4 {[%emt 0:00:07]} 11. Qxd4 {[%emt 0:08:39]} Ng4 {[%emt 0:07:03]} 12. Qd6 {[%emt 0:45:47]} Be5 {[%emt 0:13:46]} 13. Qd2 {[%emt 0:11:43]} Qh4 {[%emt 0:06:54]} 14. Re2 {[%emt 0:02:49]} h6 {[%emt 0:23:59]} 15. Nc3 {[%emt 0:00:47]} Bh2+ {[%emt 0:05:06]} 16. Kf1 {[%emt 0:00:05]} Kh7 {[%emt 0:02:52]} 17. Nd5 {[%emt 0:01:13]} d6 {[%emt 0:00:54]} 18. Qc3 {[%emt 0:06:56]} Be5 {[%emt 0:05:36]} 19. Qa3 {[%emt 0:00:48]} f5 {[%emt 0:01:18]} 20. Bf4 {[%emt 0:01:28]} Bxf4 {[%emt 0:08:26]} 21. Nxf4 {[%emt 0:00:04]} Nh2+ {[%emt 0:00:39]} 22. Kg1 {[%emt 0:00:04]} Qxf4 {[%emt 0:00:10]} 23. exf5 {[%emt 0:00:39]} Nf3+ {[%emt 0:01:00]} 24. Qxf3 {[%emt 0:01:12]} Qxf3 {[%emt 0:00:05]} 25. fxg6+ {[%emt 0:00:56]} Kxg6 {[%emt 0:00:05]} 26. gxf3 {[%emt 0:00:02]} Bxh3 {[%emt 0:00:15]} 27. Rd1 {[%emt 0:00:31]} Rad8 {[%emt 0:00:43]} 28. Bd3+ {[%emt 0:00:57]} Kf6 {[%emt 0:00:41]} 29. Be4 {[%emt 0:00:51]} Be6 {[%emt 0:00:51]} 30. Bd5 {[%emt 0:01:08]} Rg8+ {[%emt 0:00:52]} 31. Kh2 {[%emt 0:00:24]} Bf7 {[%emt 0:00:33]} 32. Re4 {[%emt 0:00:47]} Bxd5 {[%emt 0:00:26]} 33. Rxd5 {[%emt 0:00:02]} Rg5 {[%emt 0:00:27]} 34. Rdd4 {[%emt 0:00:51]} h5 {[%emt 0:00:36]} 35. Rf4+ {[%emt 0:00:29]} Ke6 {[%emt 0:00:20]} 36. Rde4+ {[%emt 0:00:19]} Kd7 {[%emt 0:00:36]} 37. Rf7+ {[%emt 0:00:10]} Kc6 {[%emt 0:00:04]} 38. Rc4+ {[%emt 0:00:30]} Kd5 {[%emt 0:00:51]} 39. Ra4 {[%emt 0:00:45]} Ke6 {[%emt 0:00:39]} 40. Rxb7 {[%emt 0:00:28]} Rdg8 {[%emt 0:00:12]} 41. Re4+ {[%emt 0:02:20]} Kf6 {[%emt 0:01:55]} 42. Rf4+ {[%emt 0:16:10]} Ke6 {[%emt 0:00:10]} 43. Re4+ {[%emt 0:00:15]} Kf6 {[%emt 0:00:06]} 44. Rf4+ {[%emt 0:08:53]} Ke5 1/2-1/2

[Event "FIDE Womens World Cup 2021"]
[Site "Sochi"]
[Date "2021.07.15"]
[Round "2.1"]
[White "Bodnaruk, Anastasia"]
[Black "Zawadzka, Jolanta"]
[Result "0-1"]
[WhiteElo "2446"]
[BlackElo "2403"]
[Annotator "NA"]
[PlyCount "84"]
[EventDate "2021.07.12"]
[EventType "k.o."]
[EventCountry "RUS"]
[SourceTitle "playchess.com"]
[Source "ChessBase"]
[SourceQuality "1"]
[TimeControl "40/5400+30:1800+30"]

1. e4 {[%emt 0:00:03]} c5 {[%emt 0:00:08]} 2. Nf3 {[%emt 0:00:13]} Nc6 {[%emt 0:00:08]} 3. d4 {[%emt 0:00:27]} cxd4 {[%emt 0:00:05]} 4. Nxd4 {[%emt 0:00:03]} e5 {[%emt 0:00:06]} 5. Nb5 {[%emt 0:01:39]} d6 {[%emt 0:00:07]} 6. N1c3 {[%emt 0:02:48]} a6 {[%emt 0:00:10]} 7. Na3 {[%emt 0:00:04]} Be7 {[%emt 0:00:12]} 8. Nc4 {[%emt 0:04:32]} b5 {[%emt 0:00:16]} 9. Ne3 {[%emt 0:00:04]} Nf6 {[%emt 0:00:17]} 10. g3 {[%emt 0:05:50]} h5 {[%emt 0:00:32]} 11. Bg2 {[%emt 0:07:19]} h4 {[%emt 0:00:10]} 12. O-O {[%emt 0:01:25]} Rb8 {[%emt 0:00:58]} 13. Ncd5 {[%emt 0:05:27]} Nxd5 {[%emt 0:01:36]} 14. Nxd5 {[%emt 0:08:30]} h3 {[%emt 0:01:14]} 15. Bh1 {[%emt 0:03:20]} Be6 {[%emt 0:00:14]} 16. Be3 {[%emt 0:05:27]} Qd7 {[%emt 0:11:45]} 17. c3 {[%emt 0:15:05]} Bd8 {[%emt 0:07:08]} 18. b4 {[%emt 0:10:02]} Ne7 {[%emt 0:11:43]} 19. Nxe7 {[%emt 0:05:41]} Bxe7 {[%emt 0:06:02]} 20. f4 {[%emt 0:00:23]} exf4 {[%emt 0:09:41]} 21. gxf4 {[%emt 0:00:45]} Bh4 {[%emt 0:01:44]} 22. f5 {[%emt 0:06:15]} Bc4 {[%emt 0:00:28]} 23. Rf4 {[%emt 0:01:42]} Qe7 {[%emt 0:06:24]} 24. Rg4 {[%emt 0:02:19]} g6 {[%emt 0:11:22]} 25. Qd2 {[%emt 0:07:47]} Bf6 {[%emt 0:06:25]} 26. Bf3 {[%emt 0:03:28]} Kd7 {[%emt 0:03:03]} 27. Kh1 {[%emt 0:00:49]} gxf5 {[%emt 0:04:27]} 28. exf5 {[%emt 0:00:11]} Rbe8 {[%emt 0:00:32]} 29. Bd4 {[%emt 0:02:21]} Bxd4 {[%emt 0:02:05]} 30. Rxd4 {[%emt 0:00:25]} Rh4 {[%emt 0:00:21]} 31. Rxh4 {[%emt 0:00:47]} Qxh4 {[%emt 0:00:06]} 32. Rd1 {[%emt 0:00:27]} Kc8 {[%emt 0:01:33]} 33. f6 {[%emt 0:00:43]} Re2 {[%emt 0:01:14]} 34. Bxe2 {[%emt 0:00:36]} Qe4+ {[%emt 0:00:08]} 35. Bf3 {[%emt 0:00:04]} Qxf3+ {[%emt 0:00:04]} 36. Kg1 {[%emt 0:00:01]} Be2 {[%emt 0:01:18]} 37. Qg5 {[%emt 0:01:22]} Bxd1 {[%emt 0:00:18]} 38. Qg8+ {[%emt 0:00:01]} Kc7 {[%emt 0:00:41]} 39. Qxf7+ {[%emt 0:00:02]} Kb6 {[%emt 0:00:06]} 40. Qg8 {[%emt 0:01:25]} Qe3+ {[%emt 0:00:09]} 41. Kf1 {[%emt 0:30:02]} Qe2+ {[%emt 0:30:08]} 42. Kg1 {[%emt 0:00:02]} Qe1# {[%emt 0:00:06]} 0-1

[Event "FIDE Womens World Cup 2021"]
[Site "Sochi"]
[Date "2021.07.15"]
[Round "2.1"]
[White "Galliamova, Alisa"]
[Black "Hoang, Thanh Trang"]
[Result "1-0"]
[WhiteElo "2442"]
[BlackElo "2404"]
[Annotator "NA"]
[PlyCount "83"]
[EventDate "2021.07.12"]
[EventType "k.o."]
[EventCountry "RUS"]
[SourceTitle "playchess.com"]
[Source "ChessBase"]
[SourceQuality "1"]
[TimeControl "40/5400+30:1800+30"]

1. d4 {[%emt 0:00:03]} e6 {[%emt 0:00:22]} 2. Bf4 {[%emt 0:00:09]} f5 {[%emt 0:01:17]} 3. e3 {[%emt 0:00:12]} Nf6 {[%emt 0:00:14]} 4. Be2 {[%emt 0:00:26]} Be7 {[%emt 0:02:35]} 5. c4 {[%emt 0:01:06]} b6 {[%emt 0:01:42]} 6. Nh3 {[%emt 0:01:12]} Bb7 {[%emt 0:03:50]} 7. O-O {[%emt 0:00:16]} O-O {[%emt 0:00:53]} 8. Nc3 {[%emt 0:00:24]} Ne4 {[%emt 0:05:24]} 9. Nxe4 {[%emt 0:09:07]} fxe4 {[%emt 0:00:52]} 10. f3 {[%emt 0:07:45]} exf3 {[%emt 0:01:39]} 11. Bxf3 {[%emt 0:00:24]} Bxf3 {[%emt 0:00:33]} 12. Qxf3 {[%emt 0:02:46]} Nc6 {[%emt 0:00:47]} 13. d5 {[%emt 0:05:38]} exd5 {[%emt 0:12:26]} 14. Qxd5+ {[%emt 0:06:58]} Kh8 {[%emt 0:00:14]} 15. Rad1 {[%emt 0:12:52]} Bf6 {[%emt 0:04:26]} 16. b3 {[%emt 0:04:04]} Nb4 {[%emt 0:03:58]} 17. Qxd7 {[%emt 0:06:12]} Qxd7 {[%emt 0:00:13]} 18. Rxd7 {[%emt 0:00:05]} c5 {[%emt 0:01:15]} 19. a3 {[%emt 0:04:52]} Nc6 {[%emt 0:04:09]} 20. Bg5 {[%emt 0:07:48]} Bb2 {[%emt 0:05:53]} 21. a4 {[%emt 0:04:14]} h6 {[%emt 0:04:57]} 22. Bh4 {[%emt 0:03:56]} Rxf1+ {[%emt 0:01:50]} 23. Kxf1 {[%emt 0:00:04]} Ne5 {[%emt 0:00:35]} 24. Rb7 {[%emt 0:04:55]} Ng4 {[%emt 0:01:52]} 25. Ke2 {[%emt 0:02:05]} g5 {[%emt 0:05:31]} 26. Bg3 {[%emt 0:03:11]} Re8 {[%emt 0:00:32]} 27. Rb8 {[%emt 0:00:49]} Rxb8 {[%emt 0:02:29]} 28. Bxb8 {[%emt 0:00:06]} Be5 {[%emt 0:00:20]} 29. Bxa7 {[%emt 0:03:42]} Bc7 {[%emt 0:00:13]} 30. Nf2 {[%emt 0:02:16]} Nxh2 {[%emt 0:01:25]} 31. Ne4 {[%emt 0:02:28]} Ng4 {[%emt 0:00:50]} 32. Nc3 {[%emt 0:00:36]} Nf6 {[%emt 0:00:28]} 33. Nd5 {[%emt 0:01:12]} Nxd5 {[%emt 0:00:30]} 34. cxd5 {[%emt 0:00:04]} Kg7 {[%emt 0:00:39]} 35. d6 {[%emt 0:01:35]} Bd8 {[%emt 0:00:45]} 36. Bb8 {[%emt 0:00:33]} Kf7 {[%emt 0:01:39]} 37. Bc7 {[%emt 0:00:29]} Ke8 {[%emt 0:00:09]} 38. Bxd8 {[%emt 0:00:18]} Kxd8 {[%emt 0:00:06]} 39. e4 {[%emt 0:00:08]} Kd7 {[%emt 0:01:15]} 40. e5 {[%emt 0:00:07]} h5 {[%emt 0:01:39]} 41. Kf3 {[%emt 0:30:46]} Ke6 {[%emt 0:30:19]} 42. Ke4 {[%emt 0:00:25]} 1-0

[Event "FIDE Womens World Cup 2021"]
[Site "Sochi"]
[Date "2021.07.15"]
[Round "2.1"]
[White "Sebag, Marie"]
[Black "Skripchenko, Almira"]
[Result "1/2-1/2"]
[WhiteElo "2438"]
[BlackElo "2411"]
[Annotator "NA"]
[PlyCount "39"]
[EventDate "2021.07.12"]
[EventType "k.o."]
[EventCountry "RUS"]
[SourceTitle "playchess.com"]
[Source "ChessBase"]
[SourceQuality "1"]
[TimeControl "40/5400+30:1800+30"]

1. e4 {[%emt 0:00:06]} d5 {[%emt 0:00:14]} 2. exd5 {[%emt 0:00:14]} Qxd5 {[%emt 0:00:05]} 3. Nc3 {[%emt 0:00:05]} Qd8 {[%emt 0:00:32]} 4. d4 {[%emt 0:02:44]} Nf6 {[%emt 0:04:33]} 5. Nf3 {[%emt 0:04:41]} g6 {[%emt 0:00:14]} 6. h3 {[%emt 0:17:33]} Bg7 {[%emt 0:00:38]} 7. Bd3 {[%emt 0:01:43]} O-O {[%emt 0:03:09]} 8. O-O {[%emt 0:00:19]} Nc6 {[%emt 0:06:05]} 9. Be3 {[%emt 0:07:35]} Nb4 {[%emt 0:11:41]} 10. Bc4 {[%emt 0:05:25]} Nbd5 {[%emt 0:05:19]} 11. Nxd5 {[%emt 0:01:28]} Nxd5 {[%emt 0:00:08]} 12. Bg5 {[%emt 0:03:03]} c6 {[%emt 0:20:13]} 13. Re1 {[%emt 0:12:08]} Be6 {[%emt 0:03:14]} 14. Bb3 {[%emt 0:02:43]} Nc7 {[%emt 0:05:28]} 15. c3 {[%emt 0:11:31]} Bf6 {[%emt 0:06:39]} 16. Bh6 {[%emt 0:01:40]} Bg7 {[%emt 0:00:22]} 17. Bg5 {[%emt 0:08:44]} Bf6 {[%emt 0:00:32]} 18. Bh6 {[%emt 0:01:38]} Bg7 {[%emt 0:00:15]} 19. Bg5 {[%emt 0:02:54]} Bf6 20. Rf1 1/2-1/2

[Event "FIDE Womens World Cup 2021"]
[Site "Sochi"]
[Date "2021.07.15"]
[Round "2.1"]
[White "Yip, Carissa"]
[Black "Buksa, Nataliya"]
[Result "1-0"]
[WhiteElo "2430"]
[BlackElo "2413"]
[Annotator "NA"]
[PlyCount "97"]
[EventDate "2021.07.12"]
[EventType "k.o."]
[EventCountry "RUS"]
[SourceTitle "playchess.com"]
[Source "ChessBase"]
[SourceQuality "1"]
[TimeControl "40/5400+30:1800+30"]

1. Nf3 {[%emt 0:00:58]} c5 {[%emt 0:00:05]} 2. e4 {[%emt 0:00:33]} e6 {[%emt 0:00:15]} 3. d4 {[%emt 0:00:39]} cxd4 {[%emt 0:00:08]} 4. Nxd4 {[%emt 0:00:04]} Nc6 {[%emt 0:00:03]} 5. Nc3 {[%emt 0:00:02]} Qc7 {[%emt 0:00:04]} 6. Be3 {[%emt 0:00:23]} a6 {[%emt 0:00:13]} 7. Qd2 {[%emt 0:00:14]} Nf6 {[%emt 0:00:17]} 8. O-O-O {[%emt 0:00:21]} Be7 {[%emt 0:00:42]} 9. f4 {[%emt 0:02:28]} b5 {[%emt 0:00:31]} 10. Bd3 {[%emt 0:02:05]} Bb7 {[%emt 0:34:52]} 11. e5 {[%emt 0:09:55]} Nxd4 {[%emt 0:01:28]} 12. Bxd4 {[%emt 0:08:27]} b4 {[%emt 0:01:55]} 13. exf6 {[%emt 0:12:03]} bxc3 {[%emt 0:00:04]} 14. Bxc3 {[%emt 0:00:05]} Bxf6 {[%emt 0:00:59]} 15. Bxf6 {[%emt 0:00:15]} gxf6 {[%emt 0:00:04]} 16. Rhe1 {[%emt 0:00:16]} Rb8 {[%emt 0:06:08]} 17. Kb1 {[%emt 0:07:21]} Bc6 {[%emt 0:08:21]} 18. c4 {[%emt 0:02:09]} Ba4 {[%emt 0:05:48]} 19. Rc1 {[%emt 0:00:14]} Qc5 {[%emt 0:01:08]} 20. g4 {[%emt 0:05:35]} h6 {[%emt 0:05:05]} 21. h4 {[%emt 0:06:52]} Ke7 {[%emt 0:09:57]} 22. Qc3 {[%emt 0:04:11]} Bc6 {[%emt 0:04:28]} 23. Rcd1 {[%emt 0:06:27]} Rhg8 {[%emt 0:02:50]} 24. g5 {[%emt 0:03:38]} hxg5 {[%emt 0:00:03]} 25. fxg5 {[%emt 0:00:07]} fxg5 {[%emt 0:01:03]} 26. Rf1 {[%emt 0:00:01]} f5 {[%emt 0:01:03]} 27. Rde1 {[%emt 0:06:19]} Kd6 {[%emt 0:01:29]} 28. hxg5 {[%emt 0:00:55]} Rxg5 {[%emt 0:05:14]} 29. Bxf5 {[%emt 0:02:02]} Kc7 {[%emt 0:05:00]} 30. Bc2 {[%emt 0:02:58]} Rg4 {[%emt 0:00:18]} 31. Bb3 {[%emt 0:07:33]} Be4+ {[%emt 0:02:21]} 32. Ka1 {[%emt 0:00:13]} a5 {[%emt 0:01:20]} 33. Bd1 {[%emt 0:02:02]} Rg2 {[%emt 0:02:39]} 34. Rxe4 {[%emt 0:03:38]} Rbxb2 {[%emt 0:00:03]} 35. Qxb2 {[%emt 0:03:54]} Rxb2 {[%emt 0:00:02]} 36. Kxb2 {[%emt 0:00:02]} Qb4+ {[%emt 0:00:01]} 37. Bb3 {[%emt 0:01:00]} a4 {[%emt 0:00:04]} 38. Rd1 {[%emt 0:00:09]} axb3 {[%emt 0:02:41]} 39. axb3 {[%emt 0:00:01]} Qa5 {[%emt 0:00:26]} 40. c5 {[%emt 0:02:07]} Kb8 {[%emt 0:00:45]} 41. b4 {[%emt 0:30:49]} Qb5 {[%emt 0:30:23]} 42. Kb3 {[%emt 0:01:52]} Kc8 {[%emt 0:00:00]} 43. Red4 {[%emt 0:00:00]} d5 {[%emt 0:00:00]} 44. cxd6 {[%emt 0:00:00]} Kd7 {[%emt 0:00:00]} 45. Rc4 {[%emt 0:00:00]} Qh5 {[%emt 0:00:00]} 46. Rc7+ {[%emt 0:00:00]} Kd8 {[%emt 0:00:00]} 47. Rd2 {[%emt 0:00:00]} e5 {[%emt 0:00:00]} 48. d7 {[%emt 0:00:00]} Qf3+ {[%emt 0:00:00]} 49. Kb2 {[%emt 0:00:00]} 1-0

[Event "FIDE Womens World Cup 2021"]
[Site "Sochi"]
[Date "2021.07.15"]
[Round "2.1"]
[White "Ushenina, Anna"]
[Black "Cyfka, Karina"]
[Result "1-0"]
[WhiteElo "2429"]
[BlackElo "2417"]
[Annotator "NA"]
[PlyCount "141"]
[EventDate "2021.07.12"]
[EventType "k.o."]
[EventCountry "RUS"]
[SourceTitle "playchess.com"]
[Source "ChessBase"]
[SourceQuality "1"]
[TimeControl "40/5400+30:1800+30"]

1. d4 {[%emt 0:00:04]} Nf6 {[%emt 0:00:14]} 2. c4 {[%emt 0:00:25]} e6 {[%emt 0:00:08]} 3. g3 {[%emt 0:00:27]} d5 {[%emt 0:01:38]} 4. Bg2 {[%emt 0:00:13]} Bb4+ {[%emt 0:02:00]} 5. Bd2 {[%emt 0:00:08]} Bxd2+ {[%emt 0:02:42]} 6. Qxd2 {[%emt 0:07:21]} O-O {[%emt 0:00:40]} 7. Nf3 {[%emt 0:00:12]} c6 {[%emt 0:02:18]} 8. O-O {[%emt 0:01:36]} Nbd7 {[%emt 0:00:24]} 9. Ne5 {[%emt 0:08:11]} dxc4 {[%emt 0:25:59]} 10. Nxc4 {[%emt 0:01:48]} Qe7 {[%emt 0:00:48]} 11. Nc3 {[%emt 0:02:46]} Rd8 {[%emt 0:09:11]} 12. Rfd1 {[%emt 0:22:09]} Nb6 {[%emt 0:00:51]} 13. Ne5 {[%emt 0:00:20]} Nfd7 {[%emt 0:01:20]} 14. Nf3 {[%emt 0:03:37]} Nf6 {[%emt 0:07:03]} 15. Qc2 {[%emt 0:02:38]} Bd7 {[%emt 0:02:04]} 16. e4 {[%emt 0:00:59]} c5 {[%emt 0:03:42]} 17. e5 {[%emt 0:11:19]} Ne8 {[%emt 0:00:44]} 18. Ne4 {[%emt 0:16:30]} c4 {[%emt 0:05:17]} 19. Neg5 {[%emt 0:02:26]} f5 {[%emt 0:01:39]} 20. exf6 {[%emt 0:00:10]} gxf6 {[%emt 0:00:12]} 21. Ne4 {[%emt 0:01:35]} Bc6 {[%emt 0:03:23]} 22. Re1 {[%emt 0:00:10]} Ng7 {[%emt 0:01:11]} 23. Rad1 {[%emt 0:04:41]} Qf7 {[%emt 0:06:15]} 24. Qc1 {[%emt 0:00:38]} Rac8 {[%emt 0:03:01]} 25. h4 {[%emt 0:08:26]} Kh8 {[%emt 0:03:18]} 26. a3 {[%emt 0:00:59]} Rc7 {[%emt 0:01:41]} 27. g4 {[%emt 0:02:35]} Bxe4 {[%emt 0:06:51]} 28. Rxe4 {[%emt 0:00:02]} Nd5 {[%emt 0:00:05]} 29. Rde1 {[%emt 0:01:19]} c3 {[%emt 0:00:24]} 30. h5 {[%emt 0:00:07]} Rc6 {[%emt 0:03:25]} 31. h6 {[%emt 0:00:33]} Ne8 {[%emt 0:00:08]} 32. g5 {[%emt 0:00:24]} Rdc8 {[%emt 0:01:36]} 33. Bh3 {[%emt 0:00:50]} Nec7 {[%emt 0:01:35]} 34. Rg4 {[%emt 0:01:10]} Rg8 {[%emt 0:02:07]} 35. Rg3 {[%emt 0:00:36]} Nb5 {[%emt 0:02:32]} 36. a4 {[%emt 0:00:16]} Nbc7 {[%emt 0:00:44]} 37. bxc3 {[%emt 0:00:11]} Rxc3 {[%emt 0:00:15]} 38. Qd2 {[%emt 0:00:45]} Qh5 {[%emt 0:01:13]} 39. Bg4 {[%emt 0:00:36]} Qe8 {[%emt 0:00:21]} 40. Rc1 {[%emt 0:00:44]} Rxc1+ {[%emt 0:00:40]} 41. Qxc1 {[%emt 0:30:01]} b5 {[%emt 0:06:16]} 42. axb5 {[%emt 0:00:00]} Nxb5 {[%emt 0:02:45]} 43. Qe1 {[%emt 0:00:00]} Nbc7 {[%emt 0:02:52]} 44. gxf6 {[%emt 0:00:00]} Qf7 {[%emt 0:00:54]} 45. Qe5 {[%emt 0:00:00]} Qxf6 {[%emt 0:01:58]} 46. Qxf6+ {[%emt 0:00:00]} Nxf6 {[%emt 0:00:02]} 47. Ne5 {[%emt 0:00:00]} Rf8 {[%emt 0:00:41]} 48. Be2 {[%emt 0:00:00]} Ng8 {[%emt 0:01:35]} 49. Rg7 {[%emt 0:00:00]} Nd5 {[%emt 0:00:36]} 50. Bd3 {[%emt 0:01:30]} Nxh6 {[%emt 0:04:09]} 51. Rxh7+ {[%emt 0:00:10]} Kg8 {[%emt 0:00:06]} 52. Rxh6 {[%emt 0:00:22]} Rf4 {[%emt 0:00:04]} 53. Rxe6 {[%emt 0:02:00]} Rxd4 {[%emt 0:00:11]} 54. Rd6 {[%emt 0:00:44]} Kf8 {[%emt 0:00:54]} 55. Bc4 {[%emt 0:00:57]} Rd1+ {[%emt 0:00:33]} 56. Kh2 {[%emt 0:00:05]} Nc3 {[%emt 0:00:05]} 57. Rxd1 {[%emt 0:00:44]} Nxd1 {[%emt 0:00:05]} 58. Kg3 {[%emt 0:00:28]} a5 {[%emt 0:00:17]} 59. Kf3 {[%emt 0:00:40]} Nb2 {[%emt 0:01:39]} 60. Be2 {[%emt 0:00:45]} Na4 {[%emt 0:01:56]} 61. Nc4 {[%emt 0:00:16]} Nc5 {[%emt 0:00:09]} 62. Nxa5 {[%emt 0:00:04]} Ke7 {[%emt 0:00:04]} 63. Kf4 {[%emt 0:00:18]} Kf6 {[%emt 0:00:04]} 64. Bc4 {[%emt 0:00:13]} Nd7 {[%emt 0:00:06]} 65. Nc6 {[%emt 0:00:09]} Nb6 {[%emt 0:00:10]} 66. Ne5 {[%emt 0:00:33]} Nc8 {[%emt 0:00:18]} 67. Ng4+ {[%emt 0:00:10]} Ke7 {[%emt 0:00:05]} 68. Ke5 {[%emt 0:00:13]} Nb6 {[%emt 0:00:12]} 69. Bb5 {[%emt 0:00:15]} Nc8 {[%emt 0:00:06]} 70. Ne3 {[%emt 0:00:05]} Kf7 {[%emt 0:00:12]} 71. Nd5 {[%emt 0:00:09]} 1-0

[Event "FIDE Womens World Cup 2021"]
[Site "Sochi"]
[Date "2021.07.15"]
[Round "2.1"]
[White "Matnadze, Ana"]
[Black "Badelka, Olga"]
[Result "1/2-1/2"]
[WhiteElo "2421"]
[BlackElo "2418"]
[Annotator "NA"]
[PlyCount "111"]
[EventDate "2021.07.12"]
[EventType "k.o."]
[EventCountry "RUS"]
[SourceTitle "playchess.com"]
[Source "ChessBase"]
[SourceQuality "1"]
[TimeControl "40/5400+30:1800+30"]

1. d4 {[%emt 0:00:07]} Nf6 {[%emt 0:00:08]} 2. Nf3 {[%emt 0:00:12]} e6 {[%emt 0:00:11]} 3. c4 {[%emt 0:00:14]} d5 {[%emt 0:00:06]} 4. Qb3 {[%emt 0:00:38]} Be7 {[%emt 0:05:11]} 5. g3 {[%emt 0:01:03]} a6 {[%emt 0:01:06]} 6. a4 {[%emt 0:00:48]} Nc6 {[%emt 0:10:09]} 7. c5 {[%emt 0:11:45]} e5 {[%emt 0:11:00]} 8. dxe5 {[%emt 0:11:41]} Ne4 {[%emt 0:00:56]} 9. Bg2 {[%emt 0:03:58]} Bxc5 {[%emt 0:01:05]} 10. O-O {[%emt 0:00:55]} Be6 {[%emt 0:05:08]} 11. a5 {[%emt 0:11:20]} O-O {[%emt 0:02:55]} 12. Bf4 {[%emt 0:12:56]} g5 {[%emt 0:05:17]} 13. Bc1 {[%emt 0:06:06]} g4 {[%emt 0:16:23]} 14. Ne1 {[%emt 0:01:14]} Nxe5 {[%emt 0:02:39]} 15. Nd3 {[%emt 0:05:17]} Nxd3 {[%emt 0:00:57]} 16. exd3 {[%emt 0:00:17]} Ng5 {[%emt 0:01:19]} 17. Qc3 {[%emt 0:02:22]} Be7 {[%emt 0:09:16]} 18. Ra4 {[%emt 0:07:11]} Rc8 {[%emt 0:05:18]} 19. Qb3 {[%emt 0:08:12]} Qd7 {[%emt 0:03:30]} 20. d4 {[%emt 0:04:25]} c5 {[%emt 0:05:23]} 21. dxc5 {[%emt 0:01:46]} Rxc5 {[%emt 0:00:09]} 22. Rd4 {[%emt 0:01:08]} Bf6 {[%emt 0:06:21]} 23. Rf4 {[%emt 0:00:56]} Bg7 {[%emt 0:00:56]} 24. Rb4 {[%emt 0:02:10]} Nh3+ {[%emt 0:00:18]} 25. Bxh3 {[%emt 0:01:59]} gxh3 {[%emt 0:00:03]} 26. Rxb7 {[%emt 0:01:44]} Qc8 {[%emt 0:00:38]} 27. Bf4 {[%emt 0:01:13]} d4 {[%emt 0:00:33]} 28. Qb4 {[%emt 0:01:06]} Qc6 {[%emt 0:01:49]} 29. f3 {[%emt 0:00:05]} Rc2 {[%emt 0:01:29]} 30. Nd2 {[%emt 0:00:33]} Rc1 {[%emt 0:01:17]} 31. Rb8 {[%emt 0:00:43]} Rxf1+ {[%emt 0:00:17]} 32. Kxf1 {[%emt 0:00:21]} Bc8 {[%emt 0:03:50]} 33. Qc4 {[%emt 0:01:05]} Qd7 {[%emt 0:00:09]} 34. Qd3 {[%emt 0:00:52]} Bb7 {[%emt 0:00:32]} 35. Rxf8+ {[%emt 0:00:23]} Kxf8 {[%emt 0:00:22]} 36. Qxh7 {[%emt 0:00:44]} Qb5+ {[%emt 0:01:11]} 37. Kf2 {[%emt 0:00:02]} Qc5 {[%emt 0:00:34]} 38. Qxh3 {[%emt 0:00:30]} d3+ {[%emt 0:00:31]} 39. Be3 {[%emt 0:00:09]} Qxa5 {[%emt 0:00:27]} 40. Qd7 {[%emt 0:00:41]} Qd5 {[%emt 0:00:26]} 41. Qxd5 {[%emt 0:05:52]} Bxd5 {[%emt 0:00:04]} 42. Bc5+ {[%emt 0:00:30]} Kg8 {[%emt 0:02:00]} 43. b4 {[%emt 0:11:44]} Bc3 {[%emt 0:04:39]} 44. Nb1 {[%emt 0:08:27]} Bb2 {[%emt 0:00:33]} 45. Ke3 {[%emt 0:01:17]} Bc1+ {[%emt 0:01:17]} 46. Kxd3 {[%emt 0:00:23]} Bxf3 {[%emt 0:00:04]} 47. Be3 {[%emt 0:00:41]} Bh5 {[%emt 0:06:15]} 48. Bxc1 {[%emt 0:03:52]} Bg6+ {[%emt 0:00:04]} 49. Kd4 {[%emt 0:00:05]} Bxb1 {[%emt 0:00:04]} 50. Ke5 {[%emt 0:00:10]} Bd3 {[%emt 0:01:33]} 51. g4 {[%emt 0:00:22]} Bc2 {[%emt 0:00:25]} 52. Kf6 {[%emt 0:00:09]} Bd3 {[%emt 0:00:10]} 53. h4 {[%emt 0:00:07]} Bc2 {[%emt 0:00:05]} 54. g5 {[%emt 0:00:37]} Bd3 {[%emt 0:00:13]} 55. h5 {[%emt 0:00:05]} Bc2 {[%emt 0:00:05]} 56. Bd2 {[%emt 0:00:26]} 1/2-1/2